000 01339nam a22002177a 4500
999 _c60147
_d60147
003 Ge_BSU
005 20230614122147.0
008 230613s1949 ge ||||| |||| 00| 0 geo d
041 _ageo
080 _a94(479.22)(093) მ-54
100 _aმელიქსეთ-ბეგი, ლეონ
_918300
245 _aსაქართველოს ისტორიის წერილობითი წყაროების პუბლიკაციები :
_bკატალოგი. [ტ.] 1. /
_cლეონ მელიქსეთ-ბეგი; ს. ყაუხჩიშვილი; საქ. სსრ შსს საარქივო სამმართველო.
264 _aთბილისი :
_b საქ. სსრ შსს საარქივო სამმართვ. გამ-ბა,
_c1949.
300 _a333 გვ.;
_b25 სმ.
500 _aპარალ. სათ. რუს. ენ.
653 _aსაქართველოს ისტორიის წერილობითი წყაროები
653 _aისტორია
700 _aყაუხჩიშვილი, ს.
_eრედაქტორი
_918663
710 _aსაქ. სსრ შსს საარქივო სამმართველო.
_918664
942 _2udc
_cBK